| 000 | 00000nas 2200000za 4500 |
| 001 | 9.840669 |
| 003 | CaOODSP |
| 005 | 20221107151912 |
| 007 | cr ||||||||||| |
| 008 | 170725c20169999quc x m o f0###|0fre|d |
| 040 | |aCaOODSP|bfre |
| 043 | |an-cn--- |
| 086 | 1 |aP29-5F-PDF |
| 086 | 1 |aP29-5-PDF |
| 245 | 00|aNorme du gouvernement du Canada |h[ressource électronique]. |
| 260 | |aGatineau, Québec : |bOffice des normes générales du Canada. |
| 310 | |aIrrégulier |
| 500 | |aPubli. aussi en anglais sous le titre : Government of Canada standard. |
| 520 | |aÉtablissent des normes sur des sujets varies. Elles sont élaborées par des comités formés de représentants des intérêts visés – fabricants et producteurs, consommateurs et autres utilisateurs, marchands de détail, administrations publiques, établissements d’enseignement, sociétés techniques, professionnelles et commerciales, et organismes de mise à l’essai. Les normes portent sur des détails tels que les composants, la préparation pour la livraison, l’essai et le marquage. |
| 546 | |aCertaines livr. comportent des textes en français et en anglais sur 2 col.; certaines livr. comportent du texte en français ou en anglais seulement. |
| 692 | 07|2gccst|aNorme |
| 710 | 2 |aOffice des normes générales du Canada. |
| 775 | 08|tGovernment of Canada standard |w(CaOODSP)9.840668 |